000 00915nam a2200277 i 4500
001 000038898
003 DO-SdBNP
005 20250728095156.0
007 ta
008 130502s2003 dr 000 0 spa d
040 _aDO-SdBNP
_bspa
_cBNPHU
_erda
041 _aspa
082 4 _axxx
_bxxxx
_222
110 1 _aRepública Dominicana
_9447
240 1 0 _a[Leyes, etc.]
245 1 0 _aLey general de la juventud 49-2000 :
_breglamento 834 para la aplicación de la Ley General de la Juventud /
_cSecretaría de Estado de la Juventud.
250 _aTercera edición
264 1 _aSanto Domingo :
_bSEJ,
_c2003.
300 _a57 páginas :
_bilustraciones ;
_c21 cm.
336 _atexto
_btxt
_2rdacontent
337 _asin mediación
_bn
_2rdamedia
338 _avolumen
_bnc
_2rdacarrier
500 _aGestión Constitucional 2000-2004
710 2 _aSecretaría de Estado de la Juventud
_965166
942 _2ddc
_cLBS1
999 _c38388
_d38388